Загрузка...

രാജലക്ഷ്മി: കഥയിലെ അർദ്ധവിരാമം (Rajalakshmi: kadhayile ardhaviramam)

Библиографические подробности
Главный автор: ലീല സി പി (Leela, C P)
Формат: Printed Book
Опубликовано: Thrissur Green books 2017
Предметы:
LEADER 00575nam a2200145 4500
999 |c 58517  |d 58517 
020 |a 9789386440174 
082 |a M894.8123   |b LEE/R 
100 |a ലീല സി പി (Leela, C P) 
245 |a രാജലക്ഷ്മി: കഥയിലെ അർദ്ധവിരാമം (Rajalakshmi: kadhayile ardhaviramam) 
260 |a Thrissur  |b Green books  |c 2017 
300 |a 200p 
650 |a story - study 
942 |c BK 
952 |0 0  |1 0  |4 0  |6 M_894_812300000000000_LEE_R  |7 0  |9 65620  |a KUCL  |c M  |d 2020-03-03  |g 195.00  |l 0  |o M894.8123 LEE/R  |p 50035  |r 2020-03-03  |w 2020-03-03  |y BK